[Event "Valenciana Comunity op"]
[Site "L'Alfas del Pi"]
[Date "2011.06.12"]
[Round "3"]
[White "Rebelles Caceres, Jose Antonio"]
[Black "Serrano Marhuenda, Salvador"]
[Result "1/2-1/2"]
[WhiteElo "1839"]
[BlackElo "2079"]
[PlyCount "67"]
[EventDate "2011.06.11"]
[EventType "swiss"]
[EventRounds "7"]
[EventCountry "ESP"]
[SourceTitle "EXT 2013"]
[Source "ChessBase"]
[SourceDate "2012.11.22"]
[SourceVersion "1"]
[SourceVersionDate "2012.11.22"]
[SourceQuality "1"]

1. d4 Nf6 2. Nf3 e6 3. c4 c5 4. d5 exd5 5. cxd5 d6 6. Nc3 g6 7. e4 Bg7 8. Be2 0-0 9. 0-0 a6 10. a4 Re8 11. Qc2 Bg4 12. h3 Bxf3 13. Bxf3 Nbd7 14. Bf4 Qc7 15. Rfe1 Ne5 16. Be2 c4 17. Rac1 Rac8 18. Bf1 Nfd7 19. b3 Qa5 20. Bd2 Qc5 21. Qb1 b5 22. Be3 Qb4 23. bxc4 Qxb1 24. Nxb1 Nxc4 25. axb5 axb5 26. Nd2 Nde5 27. Nb3 Nxe3 28. Rxc8 Rxc8 29. Rxe3 Bh6 30. Re1 b4 31. Rb1 Kf8 32. Nd4 Bd2 33. Bb5 Rc5 34. Ba4 1/2-1/2